Direction of Trade Australia 1989 Australian Trade with Countries and Country Groups and Regions

Uložené v:
Podrobná bibliografia
Médium: Kniha
Jazyk:English
Vydavateľské údaje: Canberra Central Statistics Section 1990
Tagy: Pridať tag
Žiadne tagy, Buďte prvý, kto otaguje tento záznam!

MARC

LEADER 00000nam a2200000 4500
001 c033461
005 20250617123927.0
041 0 |a eng 
044 |a AU 
245 1 0 |a Direction of Trade Australia 1989  |b Australian Trade with Countries and Country Groups and Regions 
264 1 |a Canberra  |b Central Statistics Section  |c 1990 
300 |a 30 s.